Представление документа в формате RUSMARC

ПолеНазваниеЗначение
  Тип записи a
  Библиографический уровень m
001 Контрольный номер UONB/MAIN/79b657d4e5514e8087014c5ac9f9e20c
005 Дата корректировки 20250926083428.5
010 Индекс ISBN __
d Цена 2 р. 40 к.
9 Тираж 2700 экз.
a ISBN 5-02-029455-1
100 Данные общей обработки __
a Данные общей обработки 20230514d1989 k##y0rusy0189## ca
101 Язык документа 0_
a Язык текста rus
102 Страна публикации __
a Страна публикации RU
105 Кодированные данные (монография) __
a Кодированные данные (монография) y z 000yy
200 Заглавие и сведения об ответственности 1_
a Заглавие Социально-экологические системы как объект управления
f Первые сведения об ответственности Г.А. Бачинский, В.И. Мамонов, Ю.Г. Марков [и др.]
g Последующие сведения об ответственности отв. ред. Ю.Г. Марков
g Последующие сведения об ответственности Акад. наук СССР, Сиб. отд-ние, Ин-т истории, филологии и философии
210 Выходные данные 1_
a Место издания Новосибирск
c Издательство Наука, Сибирское отд-ние
d Дата издания 1990
215 Физическое описание __
a Объем 238 с.
d Формат 20 см
606 Тематические рубрики 0_
a Основная рубрика Социальная экология
j Формальный подзаголовок Сборники
610 Ключевые слова 0_
a Ключевые слова окружающая среда
610 Ключевые слова 0_
a Ключевые слова экологический контроль
610 Ключевые слова 0_
a Ключевые слова природопользование
610 Ключевые слова 0_
a Ключевые слова экологическая политика
675 Индекс УДК __
a Индекс УДК 502.7:30
686 Индексы других классификаций __
a Классификационный индекс 60.550.03
2 Код системы rubbk
701 Альтернативная интеллектуальная ответственность _1
a Фамилия Бачинский
b Имя (инициалы) Г.А.
g Полное личное имя Георгий Алексеевич
4 Код отношения 070
701 Альтернативная интеллектуальная ответственность _1
a Фамилия Мамонов
b Имя (инициалы) В.И.
4 Код отношения 070
701 Альтернативная интеллектуальная ответственность _1
a Фамилия Марков
b Имя (инициалы) Ю.Г.
4 Код отношения 070
4 Код отношения 340
701 Альтернативная интеллектуальная ответственность _1
a Фамилия Жук
b Имя (инициалы) П.В.
4 Код отношения 070
701 Альтернативная интеллектуальная ответственность _1
a Фамилия Казначеев
b Имя (инициалы) В.П.
4 Код отношения 070
801 Источник записи _0
a Страна RU
b Организация Ульяновская ОНБ
c Дата составления 20230514
g Правила каталогизации RCR
801 Источник записи _1
a Страна RU
b Организация Ульяновская ОНБ
c Дата составления 20230514
g Правила каталогизации RCR
901 Тип документа __
t Тип документа m
909 Создатель записи __
a Создатель записи Тихонова
b Дата создания записи 20230514